Los Efectos contraproducentes de los Planes Mano Dura en El Salvador /

保存先:
書誌詳細
第一著者: Aguilar Villamariona, Jeannette
フォーマット: テキスト
タグ: タグ追加
タグなし, このレコードへの初めてのタグを付けませんか!

MARC

LEADER 00000 a a2200000 04500
001 13211
003
040
100 |a Aguilar Villamariona, Jeannette  
245 |a Los Efectos contraproducentes de los Planes Mano Dura en El Salvador /  |c Jeannette Aguilar Villamariona 
773 |g número 16 invierno; páginas 81-94  
999 |c 30424  |d 30424